[Event "FRA-chT Top 12 2019"]
[Site "Brest"]
[Date "2019.05.22"]
[Round "5.8"]
[White "De Seroux, Camille"]
[Black "Verot, Melanie"]
[Result "1-0"]
[WhiteElo "2143"]
[BlackElo "2069"]
[Annotator "NA RC"]
[PlyCount "91"]
[EventDate "2019.05.18"]
[EventType "team-tourn"]
[EventCountry "FRA"]
[SourceTitle "playchess.com"]
[Source "ChessBase"]
[SourceQuality "1"]
[TimeControl "40/5400+30:1800+30"]

1. e4 {[%emt 0:00:00]} c5 {[%emt 0:00:00]} 2. Nc3 {[%emt 0:00:00]} Nc6 {[%emt 0:00:47]} 3. Bb5 {[%emt 0:00:00]} Nd4 {[%emt 0:01:03]} 4. Bc4 {[%emt 0:00:29]} e6 {[%emt 0:00:58]} 5. Nf3 {[%emt 0:00:15]} Nf6 {[%emt 0:00:28]} 6. O-O {[%emt 0:00:12]} a6 {[%emt 0:00:34]} 7. d3 {[%emt 0:00:14] B30: Sicilian: 2...Nc6 3 Bb5, lines without ...g6} (7. Bb3 d6 8. d3 Nxb3 9. axb3 Be7 10. d4 cxd4 11. Qxd4 O-O 12. Rd1 e5 13. Qd3 h6 14. Nd2 b5 {½-½ (58) Inarkiev,E (2730)-Gelfand,B (2734) Magas 2016}) 7... b5 {[%emt 0:01:10]} 8. Bb3 {[%emt 0:00:07]} Nxb3 {[%emt 0:00:10]} 9. axb3 {[%emt 0:00:08]} Bb7 {[%emt 0:00:34]} 10. e5 {[%emt 0:00:18]} b4 {[%emt 0:01:29]} 11. Nb1 {[%emt 0:10:41]} Nd5 {[%emt 0:02:51]} 12. Nbd2 {[%emt 0:03:31]} d6 $146 {[%emt 0:06:07]} ({Predecessor:} 12... Be7 13. Nc4 O-O 14. Na5 Bc8 {0-1 (45) Shavtvaladze,N (2430)-Vouldis,A (2524) Athens 2004}) 13. Nc4 {[%emt 0:02:22]} dxe5 {[%emt 0:01:13]} 14. Nfxe5 {[%emt 0:01:14]} Bd6 {[%emt 0:12:07]} 15. Qg4 {[%emt 0:07:05]} Bxe5 {[%emt 0:01:50]} 16. Nxe5 {[%emt 0:00:11]} Qf6 {[%emt 0:01:36]} 17. Re1 {[%emt 0:02:03]} h5 {[%emt 0:01:56]} 18. Qg3 {[%emt 0:12:12]} h4 {[%emt 0:06:52]} 19. Qg4 {[%emt 0:01:01]} Ne7 {[%emt 0:07:51]} 20. h3 {[%emt 0:26:04]} Qf5 {[%emt 0:10:57]} 21. Ra5 {[%emt 0:06:22]} Qxg4 {[%emt 0:05:03]} 22. Nxg4 {[%emt 0:00:21]} Rc8 {[%emt 0:01:54]} 23. Ne5 {[%emt 0:04:23]} Nd5 {[%emt 0:02:41]} 24. Nc4 {[%emt 0:05:26]} Ke7 {[%emt 0:01:04]} 25. Re4 {[%emt 0:03:09]} f6 {[%emt 0:05:29]} 26. Re2 {[%emt 0:02:28]} g5 {[%emt 0:01:45]} 27. f3 {[%emt 0:01:37]} Rhg8 {[%emt 0:01:18]} 28. Bd2 {[%emt 0:01:28]} f5 {[%emt 0:07:44]} 29. Ne5 {[%emt 0:03:29]} Nf4 {[%emt 0:05:51]} 30. Rf2 {[%emt 0:01:04]} Nd5 {[%emt 0:02:15]} 31. Be1 {[%emt 0:00:59]} Rc7 {[%emt 0:04:08]} 32. Re2 {[%emt 0:01:50]} Nf4 {[%emt 0:00:45]} 33. Rd2 {[%emt 0:00:31]} Kf6 {[%emt 0:01:12]} 34. Rxc5 {[%emt 0:00:54]} Rh7 {[%emt 0:00:37]} 35. d4 {[%emt 0:01:07]} g4 {[%emt 0:01:13]} 36. fxg4 {[%emt 0:01:01]} Ng6 {[%emt 0:03:46]} 37. Rf2 {[%emt 0:02:19]} Rd8 {[%emt 0:00:20]} 38. Nxg6 {[%emt 0:01:27]} Kxg6 {[%emt 0:00:16]} 39. gxf5+ {[%emt 0:00:13]} exf5 {[%emt 0:00:18]} 40. Rcxf5 {[%emt 0:00:18]} Bd5 {[%emt 0:01:16]} 41. Bxb4 $18 {[%emt 0:04:10]} Be4 {[%emt 0:03:58]} 42. Rf6+ {[%emt 0:02:51]} Kh5 {[%emt 0:00:08]} 43. Re2 {[%emt 0:05:30]} Rxd4 {[%emt 0:04:07]} 44. Bc3 {[%emt 0:00:27]} Rd1+ {[%emt 0:00:04]} 45. Kf2 {[%emt 0:02:57]} Bg6 {[%emt 0:01:26]} 46. Bd2 {[%emt 0:00:11]} 1-0

[Event "FRA-chT Top 12 2019"]
[Site "Brest"]
[Date "2019.05.22"]
[Round "5.8"]
[White "Haussernot, Cecile"]
[Black "Libiszewski, Fabien"]
[Result "1/2-1/2"]
[WhiteElo "2097"]
[BlackElo "2511"]
[Annotator "TA"]
[PlyCount "100"]
[EventDate "2019.05.18"]
[EventType "team-tourn"]
[EventCountry "FRA"]
[SourceTitle "playchess.com"]
[Source "ChessBase"]
[SourceQuality "1"]

{[%evp 18,100,49,-25,-21,-4,-7,0,8,22,43,60,56,47,78,-40,0,-11,0,0,0,0,101,90,89,95,102,98,96,74,84,27,35,55,39,26,34,34,35,29,50,23,23,23,33,0,0,0,90,0,138,139,685,57,57,57,57,57,57,0,0,0,156,154,146,100,255,185,186,154,146,154,153,149,145,116,145,57,57,57,57,57,57,57,57]} 1. e4 c5 2. Nf3 Nc6 3. d4 cxd4 4. Nxd4 Nf6 5. Nc3 d6 6. Bg5 e6 7. Qd2 a6 8. O-O-O Bd7 9. f4 b5 {[%cal Bb7b5,Bb5b4][%mdl 32]} 10. Qe1 (10. Bxf6 $14 gxf6 11. Kb1) 10... Nxd4 $11 {B67: Sicilian: Richter-Rauzer: 7...a6 8 0-0-0 Bd7, lines without 9 f4 Be7} 11. Rxd4 Qb6 12. Qd2 b4 {The position is equal.} (12... Bc6 13. Be2 b4 14. Nd5 exd5 15. exd5 Bb5 16. Bxf6 gxf6 17. Rxb4 Qc5 18. Re1 Kd8 19. a3 f5 20. Bxb5 axb5 21. Qe2 Kc7 22. Rxb5 Qd4 23. Rb4 Qa7 24. Qb5 Bh6 25. Re7+ {1-0 (25) Lobanov,S (2429)-Kozul,Z (2613) Tallinn 2016}) 13. Nd1 a5 14. Bxf6 gxf6 15. Ne3 Bc6 16. Ng4 $146 (16. Kb1 $16) ({Predecessor:} 16. Nc4 Qc5 17. Nxd6+ Bxd6 18. Rxd6 Bxe4 19. Rd4 f5 20. Bd3 Bc6 {½-½ (96) Kalka,A (2376)-Boidman,Y (2422) Germany 2000}) 16... Be7 17. f5 {And now fxe6 would win.} ({Don't play} 17. Rxd6 Rg8 $17) 17... h5 18. Ne3 e5 19. Rc4 $1 Bf8 (19... Bd8 $11 {keeps the balance.}) 20. Nd5 $16 Bxd5 21. Qxd5 Bh6+ 22. Kb1 O-O 23. Be2 h4 24. Rd1 (24. Rc6 $16 Qf2 {[%mdl 64] Double Attack} 25. Qd1) 24... Rac8 25. Rxc8 Rxc8 26. Qxd6 Qf2 $1 {[%cal Rf2e2]} 27. Qa6 Qc5 28. Qd3 Be3 29. g3 hxg3 30. hxg3 a4 31. g4 Kg7 32. Rh1 Bd4 (32... a3 $11) 33. Bd1 ({White should play} 33. g5 $1 $16 {[%cal Rg5f6]} fxg5 34. f6+ Kxf6 35. Bg4) 33... a3 {[#]} (33... Be3 $11) 34. g5 $1 $40 {[%mdl 640] Strongly threatening Qh3. White has strong attack.} fxg5 $2 {[%mdl 8192] [#]} (34... Be3 $16) 35. Qh3 $2 ({White has to play} 35. f6+ $1 $18 {[%mdl 512]} Kxf6 36. Qa6+ Ke7 37. Rh6) 35... Kf6 $14 36. Qh6+ Ke7 {Threatens to win with ...b3.} 37. Qxg5+ Kd7 $1 {aiming for ...b3.} 38. Rh7 (38. Qg7 $14 Qf8 39. Qxf8 Rxf8 40. bxa3 bxa3 41. Rh3) 38... Rf8 $1 $11 39. Qf6 Qe7 $2 (39... Kc8 $11) 40. Qa6 $16 {f6 is the strong threat.} Kc7 41. Qc4+ Kb6 $2 (41... Qc5 $16 42. Rxf7+ Rxf7 43. Qxf7+ Kb6 44. Qf6+ Kc7 45. Qg7+ Kb6 46. Qf6+ Kb7 47. Qf7+ Qc7 48. Qd5+ Qc6) 42. bxa3 bxa3 43. Rh3 {White threatens Rb3+ and mate.} Qc5 44. Rb3+ Kc7 {[#]} 45. Be2 $1 ({Don't do} 45. Qa6 $6 Rb8 $14) 45... Qxc4 46. Bxc4 Bc5 47. c3 ({White should try} 47. Bd5 $16) 47... f6 $14 {White is slightly better.} 48. Kc2 Rb8 49. Rxb8 Kxb8 50. Kb3 Kc7 {Accuracy: White = 48%, Black = 50%.} 1/2-1/2

[Event "FRA-chT Top 12 2019"]
[Site "Brest"]
[Date "2019.05.22"]
[Round "5.8"]
[White "Fruteau, Sabine"]
[Black "Bolon, Karelle"]
[Result "0-1"]
[WhiteElo "2015"]
[BlackElo "2018"]
[Annotator "NA RC"]
[PlyCount "70"]
[EventDate "2019.05.18"]
[EventType "team-tourn"]
[EventCountry "FRA"]
[SourceTitle "playchess.com"]
[Source "ChessBase"]
[SourceQuality "1"]
[TimeControl "40/5400+30:1800+30"]

1. Nf3 {[%emt 0:00:00]} e6 {[%emt 0:00:18]} 2. g3 {[%emt 0:02:27]} f5 {[%emt 0:00:28]} 3. Bg2 {[%emt 0:00:07]} Nf6 {[%emt 0:00:12]} 4. d4 {[%emt 0:00:05]} Be7 {[%emt 0:00:08]} 5. c4 {[%emt 0:01:04]} O-O {[%emt 0:00:22]} 6. Nc3 {[%emt 0:00:04]} d6 {[%emt 0:01:49]} 7. O-O {[%emt 0:00:24]} Ne4 {[%emt 0:00:30]} 8. Qc2 {[%emt 0:10:59]} Nxc3 {[%emt 0:00:39]} 9. bxc3 {[%emt 0:06:00]} Nc6 {[%emt 0:05:16]} 10. d5 {[%emt 0:23:20]} Na5 {[%emt 0:25:31]} 11. dxe6 {[%emt 0:07:08]} Bxe6 {[%emt 0:02:47]} 12. Nd4 {[%emt 0:00:13]} Bxc4 {[%emt 0:01:53]} 13. Nxf5 {[%emt 0:02:37]} Bf6 {[%emt 0:01:17]} 14. Ne3 {[%emt 0:06:03]} Be6 {[%emt 0:07:05]} 15. Rb1 {[%emt 0:04:15]} Qd7 {[%emt 0:11:00]} 16. Nd5 {[%emt 0:08:03]} Bd8 {[%emt 0:04:31]} 17. Nf4 {[%emt 0:01:46]} Bf7 {[%emt 0:01:53]} 18. h4 {[%emt 0:08:05]} c6 {[%emt 0:02:50]} 19. Be4 {[%emt 0:06:44]} h6 {[%emt 0:06:08]} 20. Bh7+ {[%emt 0:05:17]} Kh8 {[%emt 0:00:07]} 21. Bf5 {[%emt 0:00:33]} Qe7 {[%emt 0:01:14]} 22. c4 {[%emt 0:03:04]} Nxc4 {[%emt 0:04:00]} 23. Be6 {[%emt 0:02:12]} Ne5 {[%emt 0:00:57]} 24. Bb2 Bxe6 {[%emt 0:01:02]} 25. Bxe5 {[%emt 0:00:17]} Bf5 {[%emt 0:00:55]} 26. Bxg7+ {[%emt 0:01:36]} Qxg7 {[%emt 0:02:06]} 27. e4 Bg4 {[%emt 0:01:15]} 28. Qd2 {[%emt 0:00:48]} Bf6 {[%emt 0:03:49]} 29. h5 {[%emt 0:00:34]} Bg5 {[%emt 0:01:05]} 30. Ng6+ {[%emt 0:00:27]} Qxg6 {[%emt 0:00:59]} 31. hxg6 {[%emt 0:00:05]} Bxd2 {[%emt 0:00:08]} 32. Rxb7 {[%emt 0:00:04]} Rfb8 {[%emt 0:02:23]} 33. Rc7 {[%emt 0:00:23]} Rc8 {[%emt 0:00:45]} 34. Rb7 {[%emt 0:00:27]} Rab8 {[%emt 0:00:00]} 35. Rxa7 {[%emt 0:00:13]} Bf3 {[%emt 0:01:16]} 0-1

[Event "FRA-chT Top 12 2019"]
[Site "Brest"]
[Date "2019.05.23"]
[Round "6.1"]
[White "Bacrot, Etienne"]
[Black "Velten, Paul"]
[Result "1-0"]
[WhiteElo "2678"]
[BlackElo "2507"]
[Annotator "TA"]
[PlyCount "79"]
[EventDate "2019.05.18"]
[EventType "team-tourn"]
[EventCountry "FRA"]
[SourceTitle "playchess.com"]
[Source "ChessBase"]
[SourceQuality "1"]

{[%evp 16,79,27,19,55,42,54,35,37,26,67,59,34,36,55,59,150,143,158,142,173,153,185,178,176,170,157,146,149,129,131,131,135,111,134,123,120,131,160,132,156,157,162,152,210,218,211,216,255,254,248,223,281,243,345,345,375,379,368,369,401,385,384,386,566,552]} 1. Nf3 d5 2. g3 g6 3. Bg2 Bg7 4. d4 Nf6 5. O-O O-O 6. c4 c6 7. Qb3 dxc4 8. Qxc4 Be6 9. Qa4 Qc8 {D78: Fianchetto Grünfeld: 6 0-0 c6} (9... Nbd7 10. Nc3 Nd5 11. Rd1 N7f6 12. h3 Qb6 13. Ne1 Rfd8 14. e4 Nxc3 15. bxc3 Qb5 16. Qxb5 cxb5 17. Ba3 {½-½ (41) Mamedyarov,S (2801)-Svidler,P (2753) Biel 2018}) 10. Nc3 Bh3 $146 ({Predecessor:} 10... Na6 11. Rd1 Nc7 12. e4 Nb5 13. Qc2 Nxc3 14. bxc3 {0-1 (55) Marjanovic,D (2338)-Mikheev,S (2303) Novi Sad 2015}) 11. e4 Bxg2 {White is slightly better.} 12. Kxg2 Nbd7 13. h3 c5 14. Be3 cxd4 15. Bxd4 b6 (15... Nc5 $14 16. Bxc5 Qxc5) 16. e5 $16 Ne8 17. Nd5 {[%cal Bc3d5,Bd5b4,Bb4a6][%mdl 32]} Qd8 18. Rfd1 e6 19. Nb4 {Black must now prevent Bc3.} Qc7 {[%cal Rg7e5] [#]} 20. Rac1 $1 {[%cal Rc1c7,Ba1c1,Bc1c6,Bc6e6][%mdl 32]} Qb7 21. Qc6 Rb8 22. Qxb7 Rxb7 23. Na6 f6 {[%cal Rd7e5]} 24. exf6 Ndxf6 25. Rc6 $36 {[%mdl 2048] White has strong initiative.} Nd5 26. Rxe6 Bxd4 27. Rxd4 Ng7 28. Re2 Nf6 29. Nb4 Re8 (29... Rc7 $16 30. g4 Rcc8) 30. Rxe8+ $18 Ngxe8 31. Ne5 Nc7 32. Rd6 Kg7 33. Nbc6 Ncd5 34. f4 Rc7 (34... Ne3+ {is a better defense.} 35. Kf3 Nf5) 35. Kf3 Ne7 36. Nd4 {And now Ne6+ would win.} Rc8 37. g4 Nfd5 38. Ne6+ Kg8 39. Rd7 h6 {[#]} (39... a5 $142 40. g5 Rb8) 40. Nxg6 $1 {[%mdl 512] Accuracy: White = 83%, Black = 39%.} 1-0

[Event "FRA-chT Top 12 2019"]
[Site "Brest"]
[Date "2019.05.23"]
[Round "6.1"]
[White "Eljanov, Pavel"]
[Black "Amin, Bassem"]
[Result "0-1"]
[WhiteElo "2661"]
[BlackElo "2704"]
[Annotator "TA"]
[PlyCount "72"]
[EventDate "2019.05.18"]
[EventType "team-tourn"]
[EventCountry "FRA"]
[SourceTitle "playchess.com"]
[Source "ChessBase"]
[SourceQuality "1"]

{[%evp 20,72,25,25,34,24,20,0,16,0,18,10,18,5,17,-8,-14,-50,-14,-45,-43,-41,-46,-50,-58,-35,-16,-29,0,-181,-178,-385,-402,-396,-398,-383,-392,-397,-404,-399,-399,-399,-399,-809,-834,-830,-809,-822,-771,-806,-799,-984,-1040,-1082,-1122]} 1. e4 e5 2. Nf3 Nc6 3. Bb5 a6 4. Ba4 Nf6 5. d3 d6 6. c3 Be7 7. O-O O-O 8. Re1 Re8 9. Nbd2 {[%cal Bb1d2,Bd2f1,Bf1g3][%mdl 32]} Bf8 10. Nf1 h6 11. Ng3 b5 {C77: Ruy Lopez: 3...a6 4 Ba4 Nf6, unusual lines} 12. Bc2 (12. Bb3 Be6 13. Bxe6 Rxe6 14. a4 b4 15. d4 d5 16. dxe5 Nxe4 17. c4 Nxe5 18. cxd5 Nxf2 19. Kxf2 Ng4+ 20. Kf1 Rxe1+ 21. Qxe1 Qxd5 22. Qe4 Qd1+ 23. Qe1 Qd5 24. Qe4 Qd1+ 25. Qe1 {½-½ (25) Vachier Lagrave,M (2780)-Naiditsch,A (2721) Douglas 2018}) 12... d5 13. Qe2 Be6 {The position is equal.} 14. h3 Qd7 15. Rd1 $146 ({Predecessor:} 15. a4 b4 16. a5 Qd6 17. Ba4 Bd7 18. Bd2 Rab8 19. Rec1 bxc3 20. Bxc3 {1-0 (47) Soumya,S (2345)-Galojan,L (2295) Moscow 2016}) 15... d4 16. Bd2 Bc5 17. Nh2 a5 {[%cal Ba6a5,Ba5a4][%mdl 32]} 18. Qf3 Kh7 19. Ne2 a4 20. a3 dxc3 21. Bxc3 {aiming for d4!} Nd4 $36 {[%mdl 2048] Black has good play.} 22. Nxd4 Bxd4 23. Qe2 Ra6 24. Nf3 $2 {[#]} (24. Bxd4 $11 {and White stays safe.} exd4 25. f4) 24... Bxh3 $1 $19 {[%mdl 512] And now ...Bxc3 would win.} 25. gxh3 $2 (25. Bxd4 {was worth a try.} exd4 26. Rdc1 (26. gxh3 $2 Qxh3 27. Nh2 Nxe4 $19)) 25... Qxh3 {Hoping for ...Nh5.} 26. Nh2 ({Of course not} 26. Nxd4 Nh5 $19) 26... Nh5 27. Kh1 {[#]} Bxf2 $1 {[%cal Rh5g3][%mdl 512]} 28. Rg1 (28. Qxf2 Ng3+) 28... Bxg1 29. Rxg1 Ng3+ 30. Rxg3 Qxg3 31. d4 $2 (31. Qf3 Qg5 32. Qg4) 31... Rg6 {[%csl Gg6][%cal Rg3g1] Black is clearly winning.} 32. Qf1 Ree6 {( -> ...Ref6)} 33. dxe5 Rg5 34. Be1 Qe3 35. Qf2 Qc1 36. Qd2 {[#]} Reg6 $1 {[%mdl 512] Accuracy: White = 41%, Black = 68%.} 0-1

[Event "FRA-chT Top 12 2019"]
[Site "Brest"]
[Date "2019.05.23"]
[Round "6.1"]
[White "Nihal Sarin"]
[Black "Oleksiyenko, Mykhaylo"]
[Result "1/2-1/2"]
[WhiteElo "2598"]
[BlackElo "2595"]
[Annotator "TA"]
[PlyCount "127"]
[EventDate "2019.05.18"]
[EventType "team-tourn"]
[EventCountry "FRA"]
[SourceTitle "playchess.com"]
[Source "ChessBase"]
[SourceQuality "1"]

{[%evp 10,127,16,10,10,13,19,8,20,7,12,16,16,13,23,14,26,25,28,43,38,38,28,28,28,26,28,17,33,-6,0,0,-10,0,34,37,36,29,64,52,61,66,60,57,56,54,54,54,65,63,62,60,69,17,60,64,68,41,83,41,39,47,52,39,102,102,102,102,102,102,102,102,102,102,102,89,75,35,95,66,69,0,0,8,10,10,37,27,63,22,26,25,29,28,104,0,0,0,0,0,0,0,0,0,0,0,8,8,8,8,8,8,8,8,8,0,8,8,8,0]} 1. e4 e5 2. Nf3 Nc6 3. Bc4 Bc5 4. c3 Nf6 5. d3 d6 6. O-O a5 $146 {C54: Giuoco Piano: 4 c3 Nf6, main lines with 5 d4 and 5 d3} (6... O-O 7. Re1 a5 8. h3 h6 9. Nbd2 Be6 10. Bb5 Qb8 11. Bxc6 bxc6 12. d4 exd4 13. cxd4 Bb4 14. a3 Bxd2 15. Nxd2 {½-½ (43) Giri,A (2797)-Ding,L (2809) Shenzhen 2019}) ({Predecessor:} 6... h6 7. Re1 O-O 8. Nbd2 {0-1 (50) Rodshtein,M (2699)-Dragnev,V (2466) Germany 2018}) 7. Re1 h6 8. Nbd2 O-O 9. Nf1 Be6 10. Bb5 Ne7 11. d4 exd4 12. cxd4 Bb6 13. Ng3 d5 14. e5 Ne4 {[%mdl 64] [#] Decoy} 15. Nxe4 dxe4 16. Rxe4 Qd5 17. Bd3 Bf5 18. Rh4 Qe6 19. h3 Rad8 20. Qe2 Bxd3 21. Qxd3 Ng6 22. Rg4 c5 23. Be3 cxd4 24. Bxd4 Bxd4 25. Rxd4 Rxd4 26. Qxd4 ({Reject} 26. Nxd4 Qxe5 27. Qc3 Rd8 $15) 26... Re8 {[%cal Rg6e5]} 27. Re1 Qxa2 28. Qd7 Qe6 29. Qxb7 Rd8 30. Qe4 Qd5 31. g3 (31. e6 $14 Qxe4 32. Rxe4) 31... Qxe4 32. Rxe4 $11 {[%mdl 4096] Endgame KRN-KRN} Rb8 33. Re2 Rb4 34. h4 Nf8 35. h5 Ne6 36. Kg2 Kf8 (36... g5 $14) 37. Nh4 $16 Nd4 {[#]} 38. Rd2 $1 f6 39. exf6 gxf6 40. Ng6+ Kf7 41. Nf4 Ne6 42. Nd5 Rb5 43. f4 f5 ({Better is} 43... Ng7 $14) 44. Kh3 Rb3 45. Kh4 (45. Nc3 $1 $14) 45... a4 $11 46. g4 fxg4 47. Kxg4 Nc5 48. Re2 Rd3 49. Nb4 Rd6 50. Re5 Nd7 51. Ra5 Rd4 (51... Nf6+ $11 {keeps the balance.} 52. Kf5 Nxh5) 52. Rxa4 (52. Nc6 $16 Rd6 53. Ne5+ Nxe5+ 54. Rxe5 (54. fxe5 Rd2 $16)) 52... Ne5+ {The position is equal.} 53. Kf5 Nc6 $1 54. Nxc6 Rxa4 {KR-KN} 55. b4 {[%cal Bb2b4,Bb4b5,Bb5b6][%mdl 32]} Ra1 56. Ke5 Rh1 57. b5 Rxh5+ 58. f5 Rh1 59. b6 Re1+ (59... Rb1 $5 60. b7 $8 h5 $11) 60. Kf4 {b7 is the strong threat.} Rf1+ 61. Kg4 {Black must now prevent b7.} Rg1+ (61... Kf6 $5 62. b7 $8 h5+ {[%mdl 64] Decoy} 63. Kxh5 Rxf5+ 64. Kh6 Rb5 $11) 62. Kf4 {aiming for b7.} Rf1+ (62... Kf6 $5 63. b7 $8 Rf1+ 64. Kg4 (64. Ke4 Re1+ 65. Kd5 Rb1 $11) 64... h5+ 65. Kh3 Rb1 $11) 63. Ke4 {Threatens to win with b7.} Re1+ 64. Kf4 {Accuracy: White = 58%, Black = 56%.} 1/2-1/2

[Event "FRA-chT Top 12 2019"]
[Site "Brest"]
[Date "2019.05.23"]
[Round "6.1"]
[White "Fedorov, Alexei"]
[Black "Praggnanandhaa R"]
[Result "1-0"]
[WhiteElo "2566"]
[BlackElo "2536"]
[Annotator "TA"]
[PlyCount "129"]
[EventDate "2019.05.18"]
[EventType "team-tourn"]
[EventCountry "FRA"]
[SourceTitle "playchess.com"]
[Source "ChessBase"]
[SourceQuality "1"]

{[%evp 20,129,17,2,24,32,49,60,41,46,54,31,20,23,103,99,102,45,46,25,33,43,63,79,54,31,41,24,23,14,7,5,0,14,13,17,25,28,32,30,106,109,88,95,88,96,89,91,99,89,93,90,263,264,265,267,265,260,287,295,307,307,314,304,308,303,298,289,298,294,321,310,358,360,359,352,327,302,445,493,546,528,493,490,435,420,613,596,655,589,556,495,856,855,771,645,1361,1345,1045,935,11141,10605,6558,6464,6045,4137,4133,4133,4133,29970,11865,4116]} 1. e4 c5 2. d3 Nc6 3. g3 g6 4. Bg2 Bg7 5. f4 d6 6. Nf3 e6 7. O-O Nge7 8. c3 O-O 9. Be3 b6 10. Na3 Ba6 11. Re1 Rc8 {B20: Sicilian: Unusual White 2nd moves} 12. d4 d5 $146 ({Predecessor:} 12... cxd4 13. Nxd4 Nxd4 14. Bxd4 e5 15. Be3 Qd7 16. Qd2 f5 17. fxe5 Bxe5 18. Bf4 Bxf4 19. Qxf4 fxe4 20. Qxe4 {1-0 (30) Amin,B (2686)-Kryakvin,D (2595) Hoogeveen 2018}) 13. dxc5 dxe4 {White is slightly better.} 14. Ng5 {Strongly threatening Qa4.} Nd5 15. Nxe4 Nxe3 16. Rxe3 bxc5 (16... Ne7 $11 {keeps the balance.}) 17. Qxd8 $16 (17. Nxc5 Qb6 $17) 17... Nxd8 18. Bf1 (18. Rd1 $16) 18... Bb7 $14 19. Nb5 Bxe4 20. Rxe4 a6 21. Nd6 Rb8 22. Re2 (22. Bxa6 $2 Rb6 $19) 22... Nb7 23. Nc4 Rfd8 24. Bg2 Nd6 25. Na5 Rb6 26. Nc6 Re8 27. Rd1 Bf8 $1 28. Ne5 Re7 29. a4 {[%cal Ba2a4,Ba4a5][%mdl 32]} Rc7 (29... a5 $1 $11) 30. a5 $16 Rb5 31. Red2 f6 32. Ng4 Ne8 33. Bf1 Rxa5 34. Bc4 $36 {[%mdl 2048] White is on the roll.} Kf7 35. Re2 Nd6 $2 {[#]} (35... Re7 $16 {was called for.}) 36. Rxd6 $1 $18 {[%mdl 512]} Bxd6 37. Rxe6 {[%mdl 64] Double Attack} Ra4 {[#]} 38. Bd5 $1 {aiming for Re4+.} ({Not} 38. Rxd6+ Rxc4 39. Rxf6+ Kg7 $11) (38. Rxf6+ Kg7 $11) 38... Kg7 39. Rxd6 {Hoping for Rd8.} ({Don't do} 39. Nxf6 $6 Bxf4 40. gxf4 Rf7 $18) 39... Ra1+ 40. Kf2 {Black must now prevent Rd8.} f5 41. Ne5 a5 42. Ke2 Rb1 43. Rb6 a4 44. Kd3 a3 {Black wants to play ...Rd1+.} 45. Kc2 Rxb2+ 46. Rxb2 axb2 47. Kxb2 Kf6 48. Kb3 g5 (48... Ra7 $142 49. Kc4 Ra3) 49. Kc4 gxf4 50. gxf4 Ke7 51. Kb5 Kd6 52. Bf3 Ra7 (52... h5 $142 53. Bxh5 Rh7) 53. Nc4+ Kc7 54. Kxc5 Ra2 55. h4 Rf2 (55... Rc2 $142 56. Ne3 Rxc3+ 57. Kd4 Rb3) 56. Ne5 Rh2 57. h5 Rh4 58. Kd5 Rxf4 59. c4 Rh4 60. Nc6 Rh2 61. Nd4 Rd2 62. c5 Rd3 63. Ke5 f4 {[#]} 64. Be4 $1 Rh3 65. Ne6+ {Accuracy: White = 79%, Black = 45%.} (65. Bf3 $142 h6 66. Nb5+ Kb8 67. Kxf4 Rh4+ 68. Bg4) 1-0

[Event "FRA-chT Top 12 2019"]
[Site "Brest"]
[Date "2019.05.23"]
[Round "6.1"]
[White "Bailet, Pierre"]
[Black "Malakhov, Vladimir"]
[Result "1/2-1/2"]
[WhiteElo "2466"]
[BlackElo "2660"]
[Annotator "TA"]
[PlyCount "42"]
[EventDate "2019.05.18"]
[EventType "team-tourn"]
[EventCountry "FRA"]
[SourceTitle "playchess.com"]
[Source "ChessBase"]
[SourceQuality "1"]

{[%evp 23,42,77,104,112,165,118,117,125,132,112,108,111,142,0,0,0,0,0,0,0,280]} 1. e4 d6 2. d4 Nf6 3. Nc3 g6 4. f4 Bg7 5. Nf3 O-O 6. Bd3 Bg4 7. h3 Bxf3 8. Qxf3 Nc6 9. Be3 e5 10. dxe5 dxe5 11. f5 Nd4 12. Qf2 c6 13. O-O-O {B09: Pirc Defence: Austrian Attack} Nh5 {[#]} (13... Qc7 $16) 14. Be2 $146 ({Predecessor:} 14. Kb1 Qe7 15. Ne2 Rfd8 16. g4 Nxe2 17. gxh5 Nf4 18. hxg6 hxg6 19. fxg6 fxg6 20. Bxf4 exf4 21. Bc4+ {0-1 (62) Frolyanov,D (2517)-Duda,J (2738) St Petersburg 2018}) 14... Nxe2+ 15. Nxe2 {White is better.} Qa5 16. Kb1 Rfd8 17. g4 Nf4 18. Nxf4 (18. a3 $16) 18... exf4 $11 {The position is equal.} 19. Bxf4 Bxb2 $1 20. Kxb2 {Strongly threatening Qe3.} Qb4+ {[%mdl 64] [#] Double Attack} 21. Kc1 {aiming for Be5.} Qa3+ $2 {[%mdl 40960] An unexpected result.} (21... Qc3 $11 {and Black has nothing to worry.} 22. Rxd8+ Rxd8) 1/2-1/2